=LDR 00000nam 2200000 4500 =001 INLIS000000000055501 =005 20200505072109 =035 ##$$a 0010-0420000180 =007 ta =008 200505################g##########0#ind## =082 ##$$a 2x3.104 =084 ##$$a 2x3.104 JAR c =100 1#$$a Jarar, Husni Adham =245 1#$$a Cinta dan Persaudaraan /$c Husni Adham Jarar =250 ##$$a cet.1 =260 ##$$a Jakarta :$b Cendekia,$c 2004 =300 ##$$a 169 hlm., ; $c 13 x 20 cm =600 #4$$a Cinta Allah =990 ##$$a 00088177